000 00283nam a2200121Ia 4500
005 20251222140039.0
008 251222s1900||||xx |||||||||||||| ||spa||
020 _a84-9784-019-4
082 _a121.4/B92
100 _aBunge, Mario
245 0 _aEmergencia y Convergencia:
942 _cLIB
999 _c3230
_d3230